000 00677nam a22001697a 4500
020 _a978-969-473-236-6
_cDonation from Khushbakht Saeedah
082 _a891.439
_bMUR
100 _aMurad, Afzal
245 _aMukhtasir Tareekh Zuban o Adab : Brahvi/
_cAfzal Murad
260 _aIslamabad`
_bNational Language Promotion Department (National Language Authority)
_c2009
300 _bviii, 223
_c23cm.
563 _aHB
880 _6100-01\(3\r
_aمراد، افضل
880 _6245-02\(3\r
_aمختصر تاریخ زبان و ادب : براہوی/
_bافضل مراد
880 _6260-03\(3\r
_aاسلام آباد:
_bمقتدرہ قومی زبان
942 _2ddc
_cBK
999 _c614197
_d614197